00514pab a2200157 454500008004000000100001900040245009800059260000900157300001500166362000800181650004300189650003700232650002200269700001900291773004600310180718b2015 xxu||||| |||| 00| 0 eng d aShalina, Mehta aLoss of ownership of land and social displacement: a case study from eco-city, new Chandigarh c2015 ap.111-129. aOct aAgricultural land - India - Chandigarh aLand tenure - India - Chandigarh aAgricultural land aSingh, Sarbeet aInternational Journal of Rural Management